000
00304nam a22001217a 4500
008
180516b xxu||||| |||| 00| 0 eng d
041
_a
eng
080
_a
043.3
100
_a
0
101
_a
MBE-BTH
245
_a
Institucionet Financiare dhe ndikimi në ekonominë globale
_c
Kurtishi,S
942
_2
udc
_c
BK
999
_c
45846
_d
45846